000 009710000a22002290004500
020 _a87-7914-564-1,
_143.400
082 0 4 _aG 270 A4731h
100 1 _aÁlvarez Gómez, Jesús 355 p.
245 1 0 _aHistoria de la Iglesia / Jesús Álvarez Gómez, Juan María Laboa
260 _aMadrid : Biblioteca de Autores Cristianos
300 _a355 p. / t.1 , t.4
440 0 _aSAPIENTIA FIDEI : Serie de Manuales de Teología ; v.25 , v.27
500 _aBiblioteca tiene Tomo I y Tomo IV
505 0 0 _at.1 Edad antigua / Juan María Laboa - t.4 Época contemporánea / Jesús Álvarez Gómez
600 1 4 _aLaboa, Juan María
650 1 4 _aIGLESIA - HISTORIA \ IGLESIA - HISTORIA - PERIODO PRIMITIVO, 30-600 \ IGLESIA - HISTORIA ANTIGUA \ IGLESIA - HISTORIA - SIGLO XIX \ IGLESIA - HISTORIA - EPOCA CONTEMPORANEA
001 14972
942 _cBK
999 _c43788
_d43788
336 _atexto
_btxt
_2rdacontent
337 _2rdamedia
_asin mediación
_bn
338 _2rdacarrier
_avolumen
_bnc